000
00253nam a2200109Ia 4500
008
220216s9999 xx 000 0 und d
100
_a
Benny K K
245
0
_a
Rubber thai thiranjedukkumbol
260
_b
Karshakasree
_c
2015
300
_a
32
942
_c
BS
999
_c
51150
_d
51150